Atmosphere, weather, and climate / (Record no. 544649)
[ view plain ]
| 000 -LEADER | |
|---|---|
| fixed length control field | 00654cam a2200205 a 4500 |
| 020 ## - INTERNATIONAL STANDARD BOOK NUMBER | |
| International Standard Book Number | 0416405606 |
| 082 00 - DEWEY DECIMAL CLASSIFICATION NUMBER | |
| Classification number | 551.5 |
| Author Mark | BAR |
| -- | L-27, P-96 |
| 100 1# - MAIN ENTRY--PERSONAL NAME | |
| Personal name | Barry, Roger G. |
| 245 10 - TITLE STATEMENT | |
| Title | Atmosphere, weather, and climate / |
| Statement of responsibility, etc. | Roger G. Barry and Richard J. Chorley. |
| 250 ## - EDITION STATEMENT | |
| Edition statement | 4th ed. |
| 260 ## - PUBLICATION, DISTRIBUTION, ETC. | |
| Place of publication, distribution, etc. | London ; |
| -- | New York : |
| Name of publisher, distributor, etc. | Methuen, |
| Date of publication, distribution, etc. | 1982. |
| 300 ## - PHYSICAL DESCRIPTION | |
| Extent | xxiv, 407 p., [23] p. of plates : |
| Other physical details | ill. ; |
| Dimensions | 24 cm. |
| 490 0# - SERIES STATEMENT | |
| Series statement | University paperback ; |
| 526 ## - STUDY PROGRAM INFORMATION NOTE | |
| Program name | 0 |
| Interest level | 0 |
| Reading level | 0 |
| Title point value | 551_500000000000000_BAR |
| 526 ## - STUDY PROGRAM INFORMATION NOTE | |
| Program name | 0 |
| Interest level | 0 |
| Reading level | 0 |
| Title point value | 551_500000000000000_BAR |
| 650 #0 - SUBJECT ADDED ENTRY--TOPICAL TERM | |
| Topical term or geographic name entry element | Atmospheric physics. |
| 9 (RLIN) | 2248 |
| 650 #0 - SUBJECT ADDED ENTRY--TOPICAL TERM | |
| Topical term or geographic name entry element | Climatology. |
| 9 (RLIN) | 2246 |
| 650 #0 - SUBJECT ADDED ENTRY--TOPICAL TERM | |
| Topical term or geographic name entry element | MCE |
| 9 (RLIN) | 379 |
| 942 ## - ADDED ENTRY ELEMENTS (KOHA) | |
| Source of classification or shelving scheme | |
| Koha item type | Book |
| Withdrawn status | Lost status | Source of classification or shelving scheme | Damaged status | Not for loan | Permanent Location | Current Location | Date acquired | Total Checkouts | Full call number | Barcode | Date last seen | Price effective from | Koha item type | Date last checked out |
|---|---|---|---|---|---|---|---|---|---|---|---|---|---|---|
| Military College of Engineering (MCE) | Military College of Engineering (MCE) | 05/08/2014 | 551.5 BAR | MCE-15924 | 05/08/2014 | 05/08/2014 | Book | |||||||
| Military College of Engineering (MCE) | Military College of Engineering (MCE) | 05/08/2014 | 1 | 551.5 BAR | MCE-15925 | 05/13/2014 | 05/08/2014 | Book | 05/13/2014 |
